| 000 | 00732nam a2200253 a 4500 | ||
|---|---|---|---|
| 005 | 20210219152833.0 | ||
| 008 | 991125n 000 0 eng u | ||
| 035 | _aUPN01000062745 | ||
| 100 | _aKember, David | ||
| 222 | _aHIGHER EDUCATION | ||
| 245 | _aAction research as a form of staff development in higher education | ||
| 300 | _a297-310 | ||
| 362 | _a1992 23, No. 3 | ||
| 505 | _aSeptiembre 1992 | ||
| 653 | 0 | _aDESARROLLO DE LA FACULTAD | |
| 653 | 0 | _aFACULTAD COLEGIAL | |
| 653 | 0 | _aINVESTIGACION EN EL AULA | |
| 653 | 0 | _aMEJORAMIENTO DE LA ENSE\197ANZA | |
| 653 | 0 | _aMETODOLOGIA DE LA INVESTIGACION | |
| 653 | 0 | _aPROCESO DE INVESTIGACION | |
| 700 | _aGow, Lyn | ||
| 904 |
_aAC _b000556 |
||
| 905 | _aArticulo | ||
| 999 |
_c61853 _d61853 |
||